LIBRARY & INFORMATION CENTRE, KCAET, TAVANUR

ONLINE PUBLIC ACCESS CATALOGUE (OPAC)

Groundwater Flow and Particle Tracking Model for Nileshwar Basin Using Modflow (Record no. 14910)

MARC details
000 -LEADER
fixed length control field 00710nam a22001817a 4500
003 - CONTROL NUMBER IDENTIFIER
control field OSt
088 ## - REPORT NUMBER
Report number P 379
100 ## - MAIN ENTRY--AUTHOR NAME
Personal name JOSEPH SUNNY
-- SUMAYYA ROSHAN P.K
245 ## - TITLE STATEMENT
Title Groundwater Flow and Particle Tracking Model for Nileshwar Basin Using Modflow
260 ## - PUBLICATION, DISTRIBUTION, ETC. (IMPRINT)
Place of publication Tavanur 2017
Name of publisher Department of Irrigation and Drainage Engineering
300 ## - PHYSICAL DESCRIPTION
Number of Pages 50
500 ## - GENERAL NOTE
General note Groundwater Flow and Particle Tracking Model for Nileshwar Basin Using Modflow
520 ## - SUMMARY, ETC.
Summary, etc Groundwater Flow and Particle Tracking Model for Nileshwar Basin Using Modflow
700 ## - ADDED ENTRY--PERSONAL NAME
Personal name Dr. Sasikala D (Guide)
856 ## - ELECTRONIC LOCATION AND ACCESS
Uniform Resource Identifier https://drive.google.com/open?id=1nX4WzNsS-_26zqVBHnYp9sCR6bE6_4ZU
942 ## - ADDED ENTRY ELEMENTS (KOHA)
Koha item type Project Report
Holdings
Collection code Home library Current library Shelving location Full call number Accession Number Koha item type
Reference KAUAET KAUAET Reference 631.587 JOS/GR P 379 Project Report
free website counter